000 01303nam a22003737a 4500
003 CHAP
005 20220329133834.0
008 971013s1986 r 00010 d
010 _a11626
011 _a12598
035 _a15784
040 _cCHAP
090 _aTesis
100 0 0 _aMinjárez Chávez, Luis Carlos.
_975994
245 _aCaptación de lluvia, fertilización nitrogenada y fosfórica e incorporación de estiércol en la producción de triticale (Triticale sp.)
260 _aChapingo, Méx. :
_bEl autor,
_c1986
300 _a88 h.
_b: ilus.
500 _aD14-220
502 _aTesis (Ing. Agrónomo Esp. en Zonas Aridas) -- UACH. Departamento de Zonas Aridas
590 _aALEPH
_b10
_c20130110
_lUCH01
_h1229
590 _aBATCH-UPD
_b10
_c20130110
_lUCH01
_h1318
590 _aBATCH-UPD
_b10
_c20130410
_lUCH01
_h0829
590 _aBATCH-UPD
_b10
_c20130914
_lUCH01
_h0309
590 _aCONVERSION
_b10
_c20130109
_lUCH01
_h1308
650 1 4 _aAgua
_xAlmacenamiento.
_92279
650 1 4 _aEstiércol.
_938313
650 1 4 _aFósforo
_xEfecto en triticale.
_942259
650 1 4 _aLluvia.
_967312
650 1 4 _aNitrógeno
_xEfecto en triticale.
_981468
650 1 4 _aTriticale
_xRendimiento.
_9115225
901 _aBK
942 _cTESIS
949 _bBC
_cTES
_d-27993
_eTS1
_h20530
_i15784
_si
999 _c11626
_d11626